Cartas del diablo a su sobrino

Guardat en:
Dades bibliogràfiques
Autor principal: Lewis, C. S (Autor)
Format: Llibre
Idioma:espanyol
Publicat: Santiago Andrés Bello 1993
Edició:1a. ed
Matèries:
Etiquetes: Afegir etiqueta
Sense etiquetes, Sigues el primer a etiquetar aquest registre!

MARC

LEADER 00000cam a2200000 a 4500
001 UCW7709
003 CL-VaPUC
008 930715e19930000CL |||||||||||||||||spa|d
020 |a 9561310643 
082 0 4 |a 823  |b LEW  |2 21 
100 |a Lewis, C. S  |e author  |9 328236 
245 1 0 |a Cartas del diablo a su sobrino 
250 |a 1a. ed 
300 |a 150 p 
942 |c BK 
945 |d 19930715 00:00:00 
260 |a Santiago  |b Andrés Bello  |c 1993 
650 0 |a Novelas inglesas  |9 265220 
650 0 |a Literatura inglesa  |9 312907 
583 |a last modification  |c 20150602 09:27:38  |k Rodrigo Vera 
999 |c 220382  |d 220380 
952 |0 0  |1 0  |4 0  |6 823_000000000000000_LEW_1993  |7 0  |8 A  |9 212533  |a BIBEDU  |b BIBEDU  |d 2019-11-15  |i 2807408  |o 823 LEW 1993  |p 2807408  |r 2019-11-15  |w 2019-11-15  |y BK  |k EDU 
952 |0 0  |1 0  |4 0  |6 823_000000000000000_LEW_1993  |7 0  |8 A  |9 212534  |a BIBEDU  |b BIBEDU  |d 2019-11-15  |i 2807416  |o 823 LEW 1993  |p 2807416  |r 2019-11-15  |w 2019-11-15  |y BK  |k EDU 
952 |0 0  |1 0  |3 erb  |4 0  |6 823_000000000000000_LEW_1993  |7 0  |8 A  |9 212535  |a BIBEDU  |b BIBEDU  |e Villagrán Garnham, Jorge  |i 5176921  |o 823 LEW 1993  |p 5176921  |r 2019-11-15  |w 2019-11-15  |y BK  |z Catalogado en:20150605  |k LIT